zpět

Detail výsledku týmu

Mezzanine, Brno

Datum a čas kvízu

18.5 Celkem bodů Celkový počet nahraných bodů na tomto kvízu bez doplňovacích otázek.
5. Pořadí na kvízu Konečné umístění týmu na tomto kvízu.

Zaznamenané odpovědi

# Otázka Odpověď Body Výsledky
1. Premiér Fiala se při své návšt... Horáková 0
2. Záplavy minulý týden velmi ztí... Dubaj 1
3. Ve čtvrtek vystoupil v brněnsk... Slash 0
4. Abstraktní obraz Conception/Da... František Kupka 0
5. Americké atletky nebyly při př... Nike 1
6. Bolívie má, stejně jako několi... Sucre; La Paz 0
7. Které evropské hlavní město se... Oslo 0
8. Nyní vám dáme na výběr, zda si... Windhoek; Manila 0.5
9. Které malebné a nepříliš lidna... Lublaň 1
10. Kazachstán drží rekord v přejm... Astana; Nur-Sultan 0.5